| 000 | 01530nam a22003737a 4500 | ||
|---|---|---|---|
| 003 | CHAP | ||
| 005 | 20220329141123.0 | ||
| 008 | 971010s1982 r 00010 d | ||
| 010 | _a62926 | ||
| 011 | _a63898 | ||
| 035 | _a68570 | ||
| 040 | _cCHAP | ||
| 082 | 0 | 4 |
_a581.5 _bD38Y 1974 |
| 100 | 0 | 0 |
_aDaubenmire, Rexford F. _931134 |
| 245 | 1 |
_aEcología vegetal _b: tratado de autoecología de plantas |
|
| 260 |
_aMéxico, D.F. : _bLimusa, _c1982 |
||
| 300 |
_a496 p. _b: ilus. |
||
| 500 | _aTrad. de: Plants and environment, 3 ed. de 1974 | ||
| 590 |
_aBATCH-UPD _b10 _c20130110 _lUCH01 _h2001 |
||
| 590 |
_aBATCH-UPD _b10 _c20130410 _lUCH01 _h1321 |
||
| 590 |
_aBATCH-UPD _b10 _c20130914 _lUCH01 _h1251 |
||
| 590 |
_aCONVERSION _b10 _c20130109 _lUCH01 _h1334 |
||
| 650 | 1 | 4 |
_aEcología vegetal. _935188 |
| 901 | _aBK | ||
| 942 | _cLIBRO | ||
| 949 |
_a581.5 D38Y 1974 _bBC _cLIBRO _d33724000542304 _eLIBRO _fc.6 _h77094 _i68570 _si |
||
| 949 |
_a581.5 D38Y 1974 _bBC _cLIBRO _d33724000542312 _eLIBRO _fc.4 _h77092 _i68570 _si |
||
| 949 |
_a581.5 D38Y 1974 _bBC _cLIBRO _d33724000542338 _eLIBRO _fc.3 _h67706 _i68570 _si |
||
| 949 |
_a581.5 D38Y 1974 _bBC _cLIBRO _d33724000542627 _eLIBRO _fc.8 _h34334 _i68570 _si |
||
| 949 |
_a581.5 D38Y 1974 _bBC _cLIBRO _d33724000542635 _eLIBRO _fc.5 _h77093 _i68570 _si |
||
| 949 |
_a581.5 D38Y 1974 _bBC _cLIBRO _d33724000763579 _eLIBRO _fc.7 _h77095 _i68570 _si |
||
| 949 |
_a581.5 D38Y 1974 _bBC _cLIBRO _d33724000915575 _eLIBRO _h58707 _i68570 _si |
||
| 949 |
_a581.5 D38Y 1974 _bBC _cLIBRO _d33724002010157 _eLIBRO _fc.2 _h9492 _i68570 _si |
||
| 999 |
_c62926 _d62926 |
||